| 000 | 00873nam a22003017a 4500 | ||
|---|---|---|---|
| 001 | 0037978 | ||
| 003 | KOHA_MİRAKIL | ||
| 005 | 20260207003046.0 | ||
| 007 | ta | ||
| 008 | 120723b1995 tu a|||gr||||#||||0|tur | | ||
| 020 | _a9753320221 | ||
| 040 |
_aTR-BiSEU _btur _cTR-BiSEU _erda |
||
| 041 | 0 | _atur | |
| 044 | _ctu | ||
| 050 |
_aQA371 _b.D47 1995 |
||
| 100 | 1 | _aDernek, A. Neşe . | |
| 245 | 1 |
_aDiferansiyel denklemler/ _cA. Neşe Dernek ; A. Neşe Dernek, Ahmet Dernek. |
|
| 264 | 1 |
_aİstanbul : _bDeniz Yayıncılık _c1995 |
|
| 300 |
_aVIII, 231 sayfa : _bresimli; 21 cm. |
||
| 336 |
_ametin _btxt _2rdacontent |
||
| 337 |
_aaracısız _bn _2rdamedia |
||
| 338 |
_acilt _bnc _2rdacarrier |
||
| 500 | _aDizin var. | ||
| 500 | _aKaynakça var. | ||
| 650 | 0 |
_aDiferansiyel denklemler. _91691 |
|
| 650 | 0 |
_aDifferential equations. _91690 |
|
| 942 |
_2lcc _cBK |
||
| 999 |
_c37831 _d37831 |
||